000 00570nam a2200217 a 4500
999 _c801
_d801
008 191031s2011 xxu||||g||||| 00| 0beng d
020 _a9780062075468
_cRs. 399.00
040 _aKO
_beng
041 0 _aeng
044 _axxu
082 0 4 _223
_a925.3
_bC5471
100 1 _aClark, Ronald W.
245 1 0 _aEinstein :
_bThe Life and Times /
_cRonald W. Clark
260 _aNew York :
_bHarper Collins Publishers ,
_c2011
300 _a878 p. ;
_c17 cm.
600 _aEinstein, Albert
650 0 _aPhysicists
_vBiography
904 _aA_BOSE
942 _cBK